logo

Bir Sreshtho Munshi Abdur Rouf Library
Jhenaidah Cadet College

The Admistration of the Sultanate of Dehli / (Record no. 4563)

MARC details
000 -LEADER
fixed length control field 00598nam a2200217 a 4500
001 - CONTROL NUMBER
JCCL Control Number 4563
003 - CONTROL NUMBER IDENTIFIER
JCCL marc code BD-JhCC
005 - DATE AND TIME OF LATEST TRANSACTION
control field 20171128181647.0
008 - FIXED-LENGTH DATA ELEMENTS--GENERAL INFORMATION
fixed length control field 171128s1958 pk |||| |||| 000 0 eng d
035 ## - SYSTEM CONTROL NUMBER
system control number (BD-JhCC)
040 ## - CATALOGING SOURCE
Original cataloging agency BD-JhCC
Modifying agency BD-JhCC
041 ## - LANGUAGE CODE
Language code of Book eng
082 ## - DEWEY DECIMAL CLASSIFICATION NUMBER
Classification number 354.54
Author mark and Year QUR 1958
100 ## - MAIN ENTRY--PERSONAL NAME
Personal name Qureshi, Ishtiaq Husain
245 ## - TITLE STATEMENT
Title The Admistration of the Sultanate of Dehli /
Statement of responsibility, etc Ishtiaq Husnain Qureshi
260 ## - PUBLICATION, DISTRIBUTION, ETC. (IMPRINT)
Place of publication, distribution, etc Pakistan:
Name of publisher, distributor, etc Pakistan Historical Society;
Date of publication, distribution, etc 1958
300 ## - PHYSICAL DESCRIPTION
Pagination 313 p.;
Dimensions 22 cm
650 ## - SUBJECT ADDED ENTRY--TOPICAL TERM
Topical term or geographic name as entry element Muslims
Geographic subdivision India
650 ## - SUBJECT ADDED ENTRY--TOPICAL TERM
Topical term or geographic name as entry element Politics and government
942 ## - ADDED ENTRY ELEMENTS (KOHA)
Source of classification or shelving scheme Dewey Decimal Classification
Koha item type Books
Holdings
Source of classification or shelving scheme Damaged status Not for loan Home library Current library Shelving location Date of accession Total Checkouts Full call number Barcode Date last seen Copy number Koha item type
Dewey Decimal Classification     JCC Rouf Library JCC Rouf Library General Stacks 11/28/2017   354.54 QUR 1958 6438 11/28/2017 C-1 Books

JCC Library | Contacts | JCC Home

Last Update on 23 September 2017
Copyright @ 2017-2020 JCC Rouf Library
Rouf Library, Jhenidah Cadet College (JCC), Bangladesh